First Round QBs 2010-heute - Statistiken

Allgemein
  • Dieses Quiz wurde 54 mal gespielt
  • Das Durchschnittsergebnis liegt bei 26 aus 39
Antwortstatistiken
Jahr Pick Team Antwort % Korrekt
2020 1 Bengals Joe Burrow
98%
2018 32 Ravens Lamar Jackson
98%
2017 10 Chiefs Patrick Mahomes
98%
2021 1 Jaguars Trevor Lawrence
98%
2018 7 Bills Josh Allen
95%
2020 6 Chargers Justin Herbert
95%
2019 1 Cardinals Kyler Murray
95%
2019 6 Giants Daniel Jones
93%
2021 15 Patriots Mac Jones
93%
2021 2 Jets Zach Wilson
93%
2018 1 Browns Baker Mayfield
91%
2016 1 Rams Jared Goff
91%
2011 1 Panthers Cam Newton
86%
2016 2 Eagles Carson Wentz
86%
2017 12 Texans Deshaun Watson
86%
2020 26 Packers Jordan Love
86%
2021 11 Bears Justin Fields
84%
2015 1 Buccaneers Jameis Winston
80%
2018 3 Jets Sam Darnold
77%
2020 5 Dolphins Tua Tagovailoa
77%
2012 8 Dolphins Ryan Tannehill
75%
2021 3 49ers Trey Lance
75%
2012 1 Colts Andrew Luck
68%
2017 2 Bears Mitchell Trubisky
66%
2015 2 Titans Marcus Mariota
55%
2014 32 Vikings Teddy Bridgewater
55%
2018 10 Cardinals Josh Rosen
52%
2014 3 Jaguars Blake Bortles
43%
2014 22 Browns Johnny Manziel
41%
2012 2 Football Team Robert Griffin
41%
2019 15 Football Team Dwayne Haskins
36%
2010 1 Rams Sam Bradford
34%
2010 25 Broncos Tim Tebow
27%
2013 16 Bills EJ Manuel
25%
2016 26 Broncos Paxton Lynch
25%
2011 10 Jaguars Blaine Gabbert
9%
2012 22 Browns Brandon Weeden
9%
2011 12 Vikings Christian Ponder
9%
2011 8 Titans Jake Locker
7%
Keine übereinstimmenden Quizze gefunden
Verteilung der Resultate
Anzahl Personen mit jedem Resultat
Perzentil nach korrekt beantworteten Fragen
Ihre Resultats-Entwicklung
Sie haben dieses Quiz noch nicht gespielt